<?xml version="1.0" encoding="UTF-8"?>
<record
    xmlns:xsi="http://www.w3.org/2001/XMLSchema-instance"
    xsi:schemaLocation="http://www.loc.gov/MARC21/slim http://www.loc.gov/standards/marcxml/schema/MARC21slim.xsd"
    xmlns="http://www.loc.gov/MARC21/slim">

  <leader>00351nam a22001577a 4500</leader>
  <controlfield tag="003">SGT</controlfield>
  <datafield tag="020" ind1=" " ind2=" ">
    <subfield code="a">9789356963320</subfield>
  </datafield>
  <datafield tag="082" ind1=" " ind2=" ">
    <subfield code="a">616.01</subfield>
    <subfield code="b">E24S</subfield>
  </datafield>
  <datafield tag="100" ind1=" " ind2=" ">
    <subfield code="a">SASTRY, APURBA S. </subfield>
  </datafield>
  <datafield tag="245" ind1=" " ind2=" ">
    <subfield code="a">ESSENTIALS OD MEDICAL MICROBIOLOGY</subfield>
  </datafield>
  <datafield tag="250" ind1=" " ind2=" ">
    <subfield code="a">4TH</subfield>
  </datafield>
  <datafield tag="260" ind1=" " ind2=" ">
    <subfield code="a">INDIA </subfield>
    <subfield code="b">JAYPEE PUB </subfield>
    <subfield code="c">2024</subfield>
  </datafield>
  <datafield tag="300" ind1=" " ind2=" ">
    <subfield code="a">710</subfield>
  </datafield>
  <datafield tag="650" ind1=" " ind2=" ">
    <subfield code="a">MICROBIOLOGY</subfield>
  </datafield>
  <datafield tag="942" ind1=" " ind2=" ">
    <subfield code="2">ddc</subfield>
    <subfield code="c">BK</subfield>
  </datafield>
  <datafield tag="952" ind1=" " ind2=" ">
    <subfield code="0">0</subfield>
    <subfield code="1">0</subfield>
    <subfield code="2">ddc</subfield>
    <subfield code="4">0</subfield>
    <subfield code="7">1</subfield>
    <subfield code="8">MEDICAL</subfield>
    <subfield code="a">FM</subfield>
    <subfield code="b">FM</subfield>
    <subfield code="c">REF</subfield>
    <subfield code="d">2025-02-11</subfield>
    <subfield code="e">ABC DELHI</subfield>
    <subfield code="g">1525.00</subfield>
    <subfield code="i">SGTU</subfield>
    <subfield code="o">616.01 E24S</subfield>
    <subfield code="p">FM15021</subfield>
    <subfield code="r">2025-04-08 00:00:00</subfield>
    <subfield code="w">2025-02-11</subfield>
    <subfield code="y">BK</subfield>
    <subfield code="k">20461</subfield>
  </datafield>
  <datafield tag="952" ind1=" " ind2=" ">
    <subfield code="0">0</subfield>
    <subfield code="1">0</subfield>
    <subfield code="2">ddc</subfield>
    <subfield code="4">0</subfield>
    <subfield code="7">0</subfield>
    <subfield code="8">MEDICAL</subfield>
    <subfield code="a">FM</subfield>
    <subfield code="b">FM</subfield>
    <subfield code="c">TXT</subfield>
    <subfield code="d">2025-02-11</subfield>
    <subfield code="e">ABC DELHI</subfield>
    <subfield code="g">1525.00</subfield>
    <subfield code="i">SGTU</subfield>
    <subfield code="l">12</subfield>
    <subfield code="o">616.01 E24S</subfield>
    <subfield code="p">FM15022</subfield>
    <subfield code="q">2025-08-05</subfield>
    <subfield code="r">2025-07-10 00:00:00</subfield>
    <subfield code="s">2025-07-10</subfield>
    <subfield code="w">2025-02-11</subfield>
    <subfield code="y">BK</subfield>
    <subfield code="k">20461</subfield>
  </datafield>
  <datafield tag="952" ind1=" " ind2=" ">
    <subfield code="0">0</subfield>
    <subfield code="1">0</subfield>
    <subfield code="2">ddc</subfield>
    <subfield code="4">0</subfield>
    <subfield code="7">0</subfield>
    <subfield code="8">MEDICAL</subfield>
    <subfield code="a">FM</subfield>
    <subfield code="b">FM</subfield>
    <subfield code="c">TXT</subfield>
    <subfield code="d">2025-02-11</subfield>
    <subfield code="e">ABC DELHI</subfield>
    <subfield code="g">1525.00</subfield>
    <subfield code="i">SGTU</subfield>
    <subfield code="l">33</subfield>
    <subfield code="o">616.01 E24S</subfield>
    <subfield code="p">FM15023</subfield>
    <subfield code="q">2026-06-20</subfield>
    <subfield code="r">2026-06-06 12:25:01</subfield>
    <subfield code="s">2026-06-06</subfield>
    <subfield code="w">2025-02-11</subfield>
    <subfield code="y">BK</subfield>
    <subfield code="k">20461</subfield>
  </datafield>
  <datafield tag="952" ind1=" " ind2=" ">
    <subfield code="0">0</subfield>
    <subfield code="1">0</subfield>
    <subfield code="2">ddc</subfield>
    <subfield code="4">0</subfield>
    <subfield code="7">0</subfield>
    <subfield code="8">MEDICAL</subfield>
    <subfield code="a">FM</subfield>
    <subfield code="b">FM</subfield>
    <subfield code="c">TXT</subfield>
    <subfield code="d">2025-02-11</subfield>
    <subfield code="e">ABC DELHI</subfield>
    <subfield code="g">1525.00</subfield>
    <subfield code="i">SGTU</subfield>
    <subfield code="l">23</subfield>
    <subfield code="o">616.01 E24S</subfield>
    <subfield code="p">FM15024</subfield>
    <subfield code="r">2026-06-02 11:44:51</subfield>
    <subfield code="s">2026-06-02</subfield>
    <subfield code="w">2025-02-11</subfield>
    <subfield code="y">BK</subfield>
    <subfield code="k">20461</subfield>
  </datafield>
  <datafield tag="952" ind1=" " ind2=" ">
    <subfield code="0">0</subfield>
    <subfield code="1">0</subfield>
    <subfield code="2">ddc</subfield>
    <subfield code="4">0</subfield>
    <subfield code="7">0</subfield>
    <subfield code="8">MEDICAL</subfield>
    <subfield code="a">FM</subfield>
    <subfield code="b">FM</subfield>
    <subfield code="c">TXT</subfield>
    <subfield code="d">2025-02-11</subfield>
    <subfield code="e">ABC DELHI</subfield>
    <subfield code="g">1525.00</subfield>
    <subfield code="i">SGTU</subfield>
    <subfield code="l">28</subfield>
    <subfield code="o">616.01 E24S</subfield>
    <subfield code="p">FM15025</subfield>
    <subfield code="q">2026-06-15</subfield>
    <subfield code="r">2026-06-01 13:00:51</subfield>
    <subfield code="s">2026-06-01</subfield>
    <subfield code="w">2025-02-11</subfield>
    <subfield code="y">BK</subfield>
    <subfield code="k">20461</subfield>
  </datafield>
  <datafield tag="999" ind1=" " ind2=" ">
    <subfield code="c">30765</subfield>
    <subfield code="d">30765</subfield>
  </datafield>
</record>
